Desarrollo de macetas biodegradables a partir de cascarilla de café para la producción de plántulas de hortalizas en la ciudad de Estelí, Nicaragua
Presenta el desarrollo de macetas biodegradables a partir de cascarilla de café para la producción de plántulas de hortalizas en la ciudad de Estelí en el cual se realizó un marketing del producto definiendo los beneficios, embalaje y ciclo de vida de las macetas biodegradables.
| Main Authors: | , , |
|---|---|
| Other Authors: | |
| Format: | Tesis Section = Libro |
| Language: | Undetermined Spanish |
| Published: |
Estelí
UNI/RUACS
2017
|
| Subjects: |
| LEADER | 01309nam a2200277Ia 4500 | ||
|---|---|---|---|
| 008 | 240830s9999 xx 000 0 und d | ||
| 040 | |a BIBLIOTECA-RUPAP Mon 658.5752 Z49 | ||
| 041 | |a spa | ||
| 082 | |a Mon 658.5752 Z49 | ||
| 100 | 1 | |a Zeledón Rodríguez, Javier Dionisio | |
| 100 | 1 | |b Gahona Zeledón, Jassim Joel | |
| 100 | 1 | |c Herrera Pérez, Modesto José | |
| 245 | 1 | 0 | |a Desarrollo de macetas biodegradables a partir de cascarilla de café para la producción de plántulas de hortalizas en la ciudad de Estelí, Nicaragua |
| 260 | |a Estelí |b UNI/RUACS |c 2017 | ||
| 300 | |a 80 p. :il. | ||
| 500 | |a Contiene anexos y CD | ||
| 502 | |a Tesis (Ingeniero Industrial)- UNI, 2017. | ||
| 520 | 3 | |a Presenta el desarrollo de macetas biodegradables a partir de cascarilla de café para la producción de plántulas de hortalizas en la ciudad de Estelí en el cual se realizó un marketing del producto definiendo los beneficios, embalaje y ciclo de vida de las macetas biodegradables. | |
| 650 | 7 | |a DESARROLLO DE NUEVOS PRODUCTOS | |
| 650 | 7 | |b PRODUCTOS BIODEGRADABLES - DISEÑO | |
| 650 | 7 | |c MACETAS DE CASCARILLAS DE CAFÉ APROVECHAMIENTO | |
| 650 | 7 | |d INNOVACIONES TECNOLOGICAS | |
| 700 | 1 | |a Tutor: |b Pichardo Hernández, Claudio Benito | |
| 942 | |c BK |2 ddc | ||
| 991 | |a TESIS | ||
| 999 | |c 17582 | ||